Absolventská prax - podmienky jej vykonávania a príspevok na jej vykonávanie

Výhody absolventskej praxe pre zamestnávateľov. Absolventská prax a absolvent školy. Žiadosť absolventa školy o zaradenie na absolventskú prax a dohoda o absolventskej praxi. Doba a priebeh vykonávania absolventskej praxe. Príspevok na vykonanie absolventskej praxe a náhrada poistného na úrazové poi...

Description complète

Enregistré dans:
Détails bibliographiques
Auteur principal: Gášpárová, Eva
Format: Chapitre de livre
Langue:slovaque
Sujets:
Tags: Ajouter un tag
Pas de tags, Soyez le premier à ajouter un tag!

MARC

LEADER 00000naa a2200000 4500
001 0175533
005 20231109103952.2
041 0 |a slo 
044 |a SK 
245 1 0 |a Absolventská prax - podmienky jej vykonávania a príspevok na jej vykonávanie  |c Eva Gášpárová 
520 |a Výhody absolventskej praxe pre zamestnávateľov. Absolventská prax a absolvent školy. Žiadosť absolventa školy o zaradenie na absolventskú prax a dohoda o absolventskej praxi. Doba a priebeh vykonávania absolventskej praxe. Príspevok na vykonanie absolventskej praxe a náhrada poistného na úrazové poistenie počas vykonávania absolventskej praxe. 
610 2 0 |a právo pracovné 
610 2 0 |a zamestnávatelia 
610 2 0 |a prax odborná 
610 2 0 |a absolventi 
610 2 0 |a úrady práce 
610 2 0 |a poistenie úrazové 
100 1 |a Gášpárová, Eva